| 000 | 00366pab a2200145 454500 | ||
|---|---|---|---|
| 008 | 180718b1996 xxu||||| |||| 00| 0 eng d | ||
| 100 | _aIyer, Aditi | ||
| 245 | _aCrisis of credibility: the tale of medical councils | ||
| 260 | _c1996 | ||
| 300 | _ap.17-20 | ||
| 362 | _aJul-Aug | ||
| 650 | _aHealth services | ||
| 773 | _aHealth for the Millions | ||
| 909 | _a32931 | ||
| 999 |
_c32931 _d32931 |
||